Central Library OPAC University of Rajshahi

The heating of steel / (Record no. 17307)

MARC details
000 -LEADER
fixed length control field 00785nam a22002651 4500
001 - CONTROL NUMBER
control field 17307
003 - CONTROL NUMBER IDENTIFIER
rucl marc code BD-RjUL
005 - DATE AND TIME OF LATEST TRANSACTION
control field 20211209000123.0
008 - FIXED-LENGTH DATA ELEMENTS--GENERAL INFORMATION
fixed length control field 140216s1945 nyuade b 001 0 eng
035 ## - SYSTEM CONTROL NUMBER
System control number (BD-RjUL)17365
System control number (OCoLC)1686614
040 ## - CATALOGING SOURCE
Original cataloging agency DLC
Transcribing agency FMU
Modifying agency DLC
-- BD-RjUL
Language of cataloging eng
041 ## - LANGUAGE CODE
Language code of text/sound track or separate title eng
082 ## - DEWEY DECIMAL CLASSIFICATION NUMBER
Classification number 669.1
Author mark and year MAH 1945
100 1# - MAIN ENTRY--PERSONAL NAME
Personal name Mawhinney, Matthew Holmes,
Dates associated with a name 1889-
9 (RLIN) 53345
245 04 - TITLE STATEMENT
Title The heating of steel /
Statement of responsibility, etc. M. H. Mawhinney ...
260 ## - PUBLICATION, DISTRIBUTION, ETC. (IMPRINT)
Place of publication, distribution, etc. New York :
Name of publisher, distributor, etc. Reinhold publishing corporation,
Date of publication, distribution, etc. c1945.
300 ## - PHYSICAL DESCRIPTION
Pagination vii, 265 p. :
Illustrations ill., tables, diagrs. ;
Size 24 cm.
504 ## - BIBLIOGRAPHY, ETC. NOTE
Bibliography, etc Bibliography : p. 38-39. and index.
650 #0 - SUBJECT ADDED ENTRY--TOPICAL TERM
Topical term or geographic name as entry element Steel
General subdivision Metallurgy.
9 (RLIN) 41670
Topical term or geographic name as entry element Furnaces.
9 (RLIN) 53346
942 ## - ADDED ENTRY ELEMENTS (KOHA)
Source of classification or shelving scheme Dewey Decimal Classification
Koha item type Books
Holdings
Lost status Source of classification or shelving scheme Damaged status Not for loan Collection code Permanent Location Current Location Shelving location Date acquired Source of acquisition Total Checkouts Full call number Date last seen Copy number Koha item type
  Dewey Decimal Classification   Not For Loan Non-fiction Central Library, University of Rajshahi Central Library, University of Rajshahi Reading Room 26/02/1958 USIS, Dhaka   669.1 MAH 1945 16/02/2014 C-1 Books